Las dueñas de Zamora: secretos, estupro y poderes en la iglesia española del siglo XIII
Saved in:
| Hovedforfatter: | |
|---|---|
| Format: | Bog |
| Sprog: | spansk |
| Udgivet: |
Barcelona, España
Península
2000
|
| Serier: | Historia, Ciencia, Sociedad,
291 |
| Fag: | |
| Tags: |
Tilføj Tag
Ingen Tags, Vær først til at tagge denne postø!
|
MARC
| LEADER | 00000nam a2200000 a 4500 | ||
|---|---|---|---|
| 001 | UCL6640 | ||
| 003 | CL-VaPUC | ||
| 005 | 20240531122511.0 | ||
| 008 | 040416e20000000SP |||||||||||||||||spa|d | ||
| 999 | |c 308633 |d 308631 | ||
| 020 | |a 8483072483 | ||
| 040 | |c Pontificia Universidad Católica de Valparaíso | ||
| 082 | 0 | 4 | |a 270.5 LIN 2000 |2 21 |
| 100 | |a Linehan, Peter |e autor |9 484265 | ||
| 245 | 1 | 4 | |a Las dueñas de Zamora: |b secretos, estupro y poderes en la iglesia española del siglo XIII |
| 260 | |a Barcelona, España |b Península |c 2000 | ||
| 300 | |a 214 páginas | ||
| 490 | 0 | |a Historia, Ciencia, Sociedad, |v 291 | |
| 583 | |a last modification |c 20040416 00:00:00 |k Rodrigo Vera | ||
| 650 | 0 | |a Historia de la iglesia |x COMPORTAMIENTO MORAL |y SIGLO 13 |z ESPAÑA |9 257565 | |
| 650 | 0 | |a Conventos |z ESPAÑA |9 328972 | |
| 852 | |a BIBCUR | ||
| 942 | |c BK |2 ddc | ||
| 945 | |d 20040416 00:00:00 |a cmena | ||
| 952 | |0 0 |1 0 |2 ddc |4 0 |6 270_500000000000000_LIN_2000 |7 0 |8 A |9 375304 |a BIBHIS |b BIBHIS |d 2019-11-21 |i 4006755 |o 270.5 LIN 2000 |p 4006755 |r 2025-01-20 |t 1 |w 2019-11-21 |y BK |k HIS | ||